000 00302nam a2200109 4500
999 _c10132
_d10132
008 180802b ||||| |||| 00| 0 eng d
245 _aSeminar on business writing skills set.
260 _aPhilippines
_bThe Philippine Star
_cc2017
300 _apage B2.
650 0 _929925
_aWriting.
942 _2ddc
_cPER